Imiona nadane dziewczynkom w 2002 roku - Statystyki

Ogólne statystyki
  • Ten quiz został rozwiązany 61 razy
  • Średni wynik to 70 z 100
Statystyki odpowiedzi
Odpowiedź % Poprawnych
A Anna
95%
A Aleksandra
93%
J Julia
93%
K Katarzyna
93%
N Natalia
93%
V Victoria
93%
W Wiktoria
93%
W Weronika
90%
A Alicja
88%
M Magda
88%
M Martyna
88%
M Monika
88%
O Olivia
88%
O Oliwia
88%
P Patrycja
88%
P Paulina
88%
Z Zuzanna
88%
Z Zofia
86%
B Barbara
83%
D Dominika
83%
G Gabriela
83%
K Karolina
83%
M Maria
83%
M Marta
83%
A Agnieszka
81%
D Daria
81%
E Ewa
81%
Ł Łucja
81%
M Magdalena
81%
N Nadia
81%
A Amelia
79%
E Emilia
79%
H Hanna
79%
I Izabela
79%
J Joanna
79%
J Justyna
79%
K Kinga
79%
N Nicola
79%
N Nikola
79%
U Urszula
79%
K Klaudia
76%
K Kornelia
76%
L Lena
76%
N Nina
76%
S Sylwia
76%
A Aneta
74%
E Ewelina
74%
I Iga
74%
M Michalina
74%
M Milena
74%
M Maja
71%
S Sara
71%
K Kamila
69%
L Laura
69%
P Pola
69%
A Agata
67%
A Andżelika
67%
A Angelika
67%
B Beata
67%
E Eliza
67%
E Elżbieta
67%
H Helena
67%
I Iwona
67%
M Małgorzata
67%
O Olga
67%
S Sandra
67%
A Anastazja
62%
D Dorota
62%
A Anita
60%
J Jagoda
60%
L Lidia
60%
M Malwina
60%
M Marzena
60%
V Vanessa
60%
Ź Żaneta
60%
A Adrianna
57%
M Marcelina
57%
E Edyta
55%
I Ilona
55%
K Kaja
55%
P Paula
55%
R Roksana
55%
W Wanessa
55%
A Aniela
52%
J Julita
52%
L Liwia
52%
M Matylda
52%
A Antonina
50%
K Karina
50%
M Marlena
50%
J Jessica
48%
M Marika
45%
S Sonia
45%
S Sabina
43%
D Dagmara
40%
D Diana
40%
J Julianna
38%
J Jolanta
33%
N Nicole
33%
W Wioletta
33%
Nie znaleziono quizów pasujących do podanych kryteriów
Rozkład punktacji
Procent ludzi z każdym wynikiem
Percentyl według liczby udzielonych odpowiedzi
Twoja historia wyników
Nie rozwiązałeś tego quizu